ბათუმის შოთა რუსთაველის სახელმწიფო უნივერსიტეტის ბიბლიოთეკა

Netzwerk neu B1 Lehrerhandbuch / (ბიბ.ჩანაწერი № 59296)

000 -LEADER
fixed length control field 00748nam a22002057a 4500
005 - DATE AND TIME OF LATEST TRANSACTION
control field 20230116114006.0
008 - FIXED-LENGTH DATA ELEMENTS--GENERAL INFORMATION
fixed length control field 230116s2021ge xxu||||| |||| 00| 0 ger d
020 ## - INTERNATIONAL STANDARD BOOK NUMBER
International Standard Book Number 9783126071765 X
041 ## - LANGUAGE CODE
Language code of text/sound track or separate title ger
080 ## - UNIVERSAL DECIMAL CLASSIFICATION NUMBER
Universal Decimal Classification number 811.112.1 P- 64
100 ## - MAIN ENTRY--PERSONAL NAME
Personal name Pilaski, Anna
9 (RLIN) 16670
245 ## - TITLE STATEMENT
Title Netzwerk neu B1 Lehrerhandbuch /
Statement of responsibility, etc. Anna Pilaski, Katja Wirth.
264 ## - PRODUCTION, PUBLICATION, DISTRIBUTION, MANUFACTURE, AND COPYRIGHT NOTICE
Place of production, publication, distribution, manufacture Stuttgart ;
Name of producer, publisher, distributor, manufacturer Ernst Klett Sprachen,
Date of production, publication, distribution, manufacture, or copyright notice 2021.
300 ## - PHYSICAL DESCRIPTION
Extent 136 p :.
Other physical details Illustr ,
Dimensions 4 CDs, 1 DVD-Video.
653 ## - INDEX TERM--UNCONTROLLED
keyword Netzwerk neu B1 Lehrerhandbuch
653 ## - INDEX TERM--UNCONTROLLED
keyword გერმანული, როგორც უცხო ენა
653 ## - INDEX TERM--UNCONTROLLED
keyword მასწავლებლის სახელმძღვანელო
700 ## - ADDED ENTRY--PERSONAL NAME
Personal name Wirth, Katja
9 (RLIN) 15288
942 ## - ADDED ENTRY ELEMENTS (KOHA)
Source of classification or shelving scheme
Koha item type წიგნი
ეგზემპლარები
Withdrawn status Lost status Source of classification or shelving scheme Damaged status Not for loan Permanent Location Current Location Shelving location Date acquired Cost, normal purchase price Full call number Barcode Date last seen Copy number Price effective from Koha item type Public note
          ბათუმის შოთა რუსთაველის სახელმწიფო უნივერსიტეტის მთავარი ბიბლიოთეკა ბათუმის შოთა რუსთაველის სახელმწიფო უნივერსიტეტის მთავარი ბიბლიოთეკა წიგნსაცავი 2023-01-16 10.00 811.112.1 P- 64 63441 2023-01-16 63441 2023-01-16 წიგნი 10ლ.50თ.